Reliez les duos d'acteurs à leurs films #1 - Statistiques

Statistiques générales
  • Ce quiz a été pris 357 fois
  • Le résultat moyen est 8 sur 19
Statistiques - réponses
Hint Réponse % Correct
La Grande Vadrouille Bourvil et Louis de Funès
96%
Le Corniaud Bourvil et Louis de Funès
71%
La chèvre Gérard Depardieu et Pierre Richard
65%
Les compères Gérard Depardieu et Pierre Richard
58%
Touchez pas au grisbi Jean Gabin et Lino Ventura
53%
La Traversée de Paris Bourvil et Louis de Funès
49%
Les fugitifs Gérard Depardieu et Pierre Richard
48%
Razzia sur la chnouf Jean Gabin et Lino Ventura
40%
La Gueule de l'autre Michel Serrault et Jean Poiret
38%
Umami Gérard Depardieu et Pierre Richard
37%
Maigret tend un piège Jean Gabin et Lino Ventura
37%
Le rouge est mis Jean Gabin et Lino Ventura
37%
Adorables Démons Michel Serrault et Jean Poiret
33%
La Terreur des dames Michel Serrault et Jean Poiret
33%
Crime et Châtiment Jean Gabin et Lino Ventura
30%
Cette sacrée gamine Michel Serrault et Jean Poiret
28%
Le Miraculé Michel Serrault et Jean Poiret
26%
Ces messieurs de la gâchette Michel Serrault et Jean Poiret
23%
Poisson d'avril Bourvil et Louis de Funès
22%
Aucun quiz correspondant
Distribution des résultats
% des personnes avec chaque résultat
Percentile par nombre de réponses
Votre historique - résultats
Vous n’avez pas pris ce quiz